000 00458nam a22001577a 4500
020 _a9781259098598
040 _cNUST
082 _a621.31924 ALE
100 _aAlexandar, Charles k.
_991771
110 _aSadiku, Mathew N.O.
_991772
245 _aFundamentals of Electric Circuits
250 _a5th Edition
260 _aNew Delhi:
_bMcGraw Hill Education,
_c2016.
650 _aDEE-TEXTBOOK.FUNDAMENTALS OF ELECTRIC CIRCUITS
_991773
942 _2ddc
_cTEXT
999 _c589906
_d589906